[Event "BL 1718 (Women)"]
[Site "Germany"]
[Date "2017.10.01"]
[Round "1.2"]
[White "Manusina, Nicole"]
[Black "Mueller Ludwig, Kristin"]
[Result "1-0"]
[WhiteElo "1924"]
[BlackElo "2069"]
[PlyCount "189"]
[EventDate "2017.10.01"]
[EventType "team-tourn"]
[EventRounds "11"]
[EventCountry "GER"]
[SourceTitle "EXT 2019"]
[Source "ChessBase"]
[SourceDate "2018.10.10"]
[SourceVersion "1"]
[SourceVersionDate "2018.10.10"]
[SourceQuality "1"]
[WhiteTeam "Lehrte (W)"]
[BlackTeam "Erfurt Medizin (W)"]
[WhiteTeamCountry "GER"]
[BlackTeamCountry "GER"]

1. d4 Nf6 2. c4 g6 3. Nc3 Bg7 4. e4 d6 5. f3 0-0 6. Be3 Nbd7 7. Qd2 c6 8. Nge2 a6 9. a4 Qa5 10. Rb1 Qb4 11. Nc1 a5 12. Be2 Qb6 13. 0-0 Ne8 14. Kh1 Nc7 15. f4 c5 16. e5 f5 17. Bf3 Qb4 18. Nd3 Qxc4 19. b3 Qa6 20. Nd5 Nxd5 21. Bxd5+ Kh8 22. Bc4 Qc6 23. Bb5 Qd5 24. Bc4 Qe4 25. Nf2 Qc6 26. Bb5 Qc7 27. Rbc1 b6 28. dxc5 dxc5 29. Rfd1 Nb8 30. Nh3 Nc6 31. Qd5 Bb7 32. Qd7 Qc8 33. Ng5 Re8 34. Nf7+ Kg8 35. Bc4 e6 36. Qxc8 Bxc8 37. Nd6 Re7 38. Nxc8 Rxc8 39. Rd6 Kf7 40. Rcd1 Bf8 41. Ba6 Rcc7 42. Bb5 Nb4 43. Bf2 Nd5 44. Bh4 Nxf4 45. Bxe7 Rxe7 46. Rxb6 Bg7 47. Rc6 Bxe5 48. Rxc5 Kf6 49. Bc4 Bc3 50. g3 Bb4 51. Rc6 Nh3 52. Kg2 Ng5 53. Rb6 Ne4 54. Rd8 Nc5 55. Rc8 Ne4 56. Rcc6 Rd7 57. Rxe6+ Kg5 58. h4+ Kh6 59. Be2 Rd2 60. Kf3 Rb2 61. g4 Rxb3+ 62. Kg2 Rb2 63. g5+ Kg7 64. Rb7+ Kf8 65. Kf3 Rb3+ 66. Kg2 Rg3+ 67. Kh2 Re3 68. Bc4 Bd6+ 69. Kg2 Rg3+ 70. Kf1 Nc5 71. Rf6+ Ke8 72. Rxh7 Be7 73. Rb6 Re3 74. Bb5+ Kd8 75. Rh8+ Kc7 76. Rc6+ Kb7 77. Rh7 Nd7 78. Rc2 Nf8 79. Rf7 Kb8 80. Re2 Rxe2 81. Kxe2 Bb4 82. Kd3 Ne6 83. Kc4 Nf4 84. Ba6 Be1 85. Rh7 Nh5 86. Rh6 Nf4 87. Bb5 Kc7 88. Be8 Kd6 89. h5 Nxh5 90. Bxg6 Nf4 91. Bxf5+ Ke5 92. Bd7 Bd2 93. Kb5 Bb4 94. Rc6 Bd2 95. g6 1-0

[Event "BL 1617 (Women)"]
[Site "Germany"]
[Date "2017.03.26"]
[Round "8.3"]
[White "Kiefhaber, Veronika"]
[Black "Mueller Ludwig, Kristin"]
[Result "1-0"]
[WhiteElo "2192"]
[BlackElo "2078"]
[PlyCount "39"]
[EventDate "2016.10.22"]
[EventType "team-tourn"]
[EventRounds "11"]
[EventCountry "GER"]
[SourceTitle "EXT 2018"]
[Source "ChessBase"]
[SourceDate "2017.10.13"]
[SourceVersion "1"]
[SourceVersionDate "2017.10.13"]
[SourceQuality "1"]
[WhiteTeam "Karlsruhe (W)"]
[BlackTeam "Erfurt Medizin (W)"]
[WhiteTeamCountry "GER"]
[BlackTeamCountry "GER"]

1. e4 e6 2. d4 d5 3. exd5 exd5 4. Nf3 Bd6 5. c4 c6 6. Nc3 Ne7 7. Bd3 h6 8. h3 Nd7 9. 0-0 dxc4 10. Bxc4 Nb6 11. Bb3 0-0 12. Re1 Ned5 13. Ne5 Nxc3 14. bxc3 Qf6 15. Re3 Nd5 16. Rf3 Qh4 17. Qd3 Be6 18. Bc2 f5 19. Ng6 Qe4 20. Qd1 1-0

[Event "BL 1617 (Women)"]
[Site "Germany"]
[Date "2017.01.21"]
[Round "3.4"]
[White "Amelang, Astrid"]
[Black "Mueller Ludwig, Kristin"]
[Result "1/2-1/2"]
[WhiteElo "2112"]
[BlackElo "2078"]
[PlyCount "84"]
[EventDate "2016.10.22"]
[EventType "team-tourn"]
[EventRounds "11"]
[EventCountry "GER"]
[SourceTitle "EXT 2018"]
[Source "ChessBase"]
[SourceDate "2017.10.13"]
[SourceVersion "1"]
[SourceVersionDate "2017.10.13"]
[SourceQuality "1"]
[WhiteTeam "Augsburg (W)"]
[BlackTeam "Erfurt Medizin (W)"]
[WhiteTeamCountry "GER"]
[BlackTeamCountry "GER"]

1. f4 d5 2. Nf3 Nf6 3. g3 c6 4. Bg2 Qc7 5. b3 Nbd7 6. Bb2 e6 7. 0-0 Bd6 8. d4 0-0 9. Qd3 b6 10. Ne5 Bb7 11. c4 c5 12. e3 cxd4 13. exd4 Rad8 14. Nd2 dxc4 15. Ndxc4 Bxg2 16. Kxg2 Qb7+ 17. Qf3 Qxf3+ 18. Nxf3 Be7 19. Rfe1 Nd5 20. a3 Rc8 21. Rac1 Rc7 22. Nce5 Nxe5 23. Nxe5 Rfc8 24. Rxc7 Rxc7 25. Rc1 Bd6 26. Rxc7 Bxc7 27. Kf3 f6 28. Ng4 Kf7 29. Ne3 Nxe3 30. Kxe3 Ke7 31. Kd3 b5 32. a4 a6 33. axb5 axb5 34. Ba3+ Kd7 35. Bc5 Kc6 36. Kc3 Ba5+ 37. b4 Bc7 38. Kd3 Kd5 39. Ke3 h5 40. Kf3 g6 41. h3 f5 42. h4 Bd8 1/2-1/2

[Event "Oberliga Ost-B 1617"]
[Site "Germany"]
[Date "2016.12.04"]
[Round "4.6"]
[White "Mueller Ludwig, Kristin"]
[Black "Du Maire, Jerome"]
[Result "1/2-1/2"]
[WhiteElo "2078"]
[BlackElo "2169"]
[PlyCount "90"]
[EventDate "2016.10.16"]
[EventType "team-tourn"]
[EventRounds "11"]
[EventCountry "GER"]
[SourceTitle "EXT 2018"]
[Source "ChessBase"]
[SourceDate "2017.10.13"]
[SourceVersion "1"]
[SourceVersionDate "2017.10.13"]
[SourceQuality "1"]
[WhiteTeam "Erfurt Medizin"]
[BlackTeam "Frankfurt TV"]
[WhiteTeamCountry "GER"]
[BlackTeamCountry "GER"]

1. e4 e6 2. d4 d5 3. Nc3 Nc6 4. e5 f6 5. Bb5 Bd7 6. Nf3 Qe7 7. 0-0 Qf7 8. Re1 0-0-0 9. a3 Nge7 10. b4 Ng6 11. Bxc6 Bxc6 12. Qe2 Re8 13. Rb1 h6 14. Rb3 fxe5 15. dxe5 Nf4 16. Bxf4 Qxf4 17. Qe3 Qxe3 18. Rxe3 Be7 19. Nd4 Bd7 20. Nce2 g5 21. f4 Kd8 22. Rf3 Ref8 23. Rbc3 c6 24. Rf1 Ke8 25. g3 Bd8 26. Kg2 Bb6 27. fxg5 hxg5 28. Rcf3 Bc7 29. Re3 Rxf1 30. Kxf1 Rxh2 31. Nf3 Rh1+ 32. Kg2 Bb6 33. Rb3 Rd1 34. Rd3 Rxd3 35. cxd3 Be3 36. Kh3 Kf7 37. Kg4 Kg6 38. Nfd4 b6 39. Kf3 Bd2 40. Nb3 Be1 41. Kg2 a5 42. bxa5 Bxa5 43. Nxa5 bxa5 44. g4 c5 45. d4 c4 1/2-1/2

[Event "BL 1617 (Women)"]
[Site "Germany"]
[Date "2016.10.22"]
[Round "1.3"]
[White "Theissl Pokorna, Regina"]
[Black "Mueller Ludwig, Kristin"]
[Result "1-0"]
[WhiteElo "2324"]
[BlackElo "2078"]
[PlyCount "49"]
[EventDate "2016.10.22"]
[EventType "team-tourn"]
[EventRounds "11"]
[EventCountry "GER"]
[SourceTitle "EXT 2018"]
[Source "ChessBase"]
[SourceDate "2017.10.13"]
[SourceVersion "1"]
[SourceVersionDate "2017.10.13"]
[SourceQuality "1"]
[WhiteTeam "Rodewisch (W)"]
[BlackTeam "Erfurt Medizin (W)"]
[WhiteTeamCountry "GER"]
[BlackTeamCountry "GER"]

1. e4 e6 2. d4 d5 3. e5 c5 4. c3 Nc6 5. Nf3 Qb6 6. Be2 Bd7 7. h4 cxd4 8. cxd4 Bb4+ 9. Kf1 Rc8 10. a3 Qa5 11. Nbd2 Bxd2 12. Bxd2 Qb6 13. b4 Nge7 14. Rc1 0-0 15. Rc5 Nb8 16. Bd3 Ng6 17. Ng5 Rxc5 18. dxc5 Qc7 19. Qh5 h6 20. Nxf7 Rxf7 21. Bxg6 Bb5+ 22. Kg1 Rf8 23. Rh3 Nc6 24. Rg3 Qxe5 25. Bxh6 1-0

[Event "BL2 West 1516 (Women)"]
[Site "Germany"]
[Date "2016.02.28"]
[Round "7.2"]
[White "Mueller Ludwig, Kristin"]
[Black "Limbourg, Marina"]
[Result "1/2-1/2"]
[WhiteElo "2085"]
[BlackElo "1921"]
[PlyCount "86"]
[EventDate "2015.09.26"]
[EventType "team-tourn"]
[EventRounds "7"]
[EventCountry "GER"]
[SourceTitle "EXT 2017"]
[Source "ChessBase"]
[SourceDate "2016.10.25"]
[SourceVersion "1"]
[SourceVersionDate "2016.10.25"]
[SourceQuality "1"]
[WhiteTeam "Erfurt Medizin (W)"]
[BlackTeam "Muelheim (W)"]
[WhiteTeamCountry "GER"]
[BlackTeamCountry "GER"]

1. e4 c5 2. Nf3 e6 3. d4 cxd4 4. Nxd4 a6 5. c4 Nf6 6. Nc3 Bb4 7. Qd3 Qc7 8. Be2 b5 9. f3 bxc4 10. Qxc4 Qxc4 11. Bxc4 Bb7 12. Bd2 d6 13. Nb3 Nc6 14. a3 Na5 15. Nxa5 Bxa5 16. b4 Bb6 17. Ke2 Rc8 18. Bd3 0-0 19. Rac1 Bd4 20. Rc2 Nd7 21. Rhc1 Ne5 22. Be3 Bxe3 23. Kxe3 Rc7 24. Na4 Rxc2 25. Rxc2 Bc6 26. Nb6 Rb8 27. Nc4 Nxd3 28. Kxd3 Bb5 29. Kd4 Rc8 30. Ne3 Rxc2 31. Nxc2 Kf8 32. Ne3 Ke7 33. f4 f6 34. e5 Kd7 35. Nd1 Kc6 36. Nc3 d5 37. g4 Bf1 38. g5 fxg5 39. fxg5 Bb5 40. h4 Kb6 41. Ke3 a5 42. Kd4 Be8 43. Ke3 Bb5 1/2-1/2